Non-Standart Datenbanken für Anwendungen der Graphischen Datenverarbeitung GI-Fachgespräch Dortmund, 21./22. März 1988
Guardado en:
| Otros Autores: | |
|---|---|
| Formato: | Libro |
| Lenguaje: | alemán |
| Publicado: |
Berlin
Springer
1988
|
| Edición: | 1. Aufl. |
| Etiquetas: |
Sin Etiquetas, Sea el primero en etiquetar este registro!
|
MARC
| LEADER | 00000nam a2200000 4500 | ||
|---|---|---|---|
| 001 | c037886 | ||
| 005 | 20221219111204.9 | ||
| 041 | 0 | |a ger | |
| 044 | |a DE | ||
| 245 | 1 | 0 | |a Non-Standart Datenbanken für Anwendungen der Graphischen Datenverarbeitung |b GI-Fachgespräch Dortmund, 21./22. März 1988 |c Red. H. Lutterbach |
| 250 | |a 1. Aufl. | ||
| 264 | 1 | |a Berlin |b Springer |c 1988 | |
| 300 | |a 183 s. | ||
| 700 | 1 | |a Lutterbach, H. | |